| 000 | 00707cab a2200217 4500 | ||
|---|---|---|---|
| 001 | WB3401-47 | ||
| 008 | 090401t1997 xxu||||| |||| 00| 0 eng d | ||
| 035 | _a(Sirsi) u82794 | ||
| 041 | _aeng | ||
| 245 | _aMarriage value debate | ||
| 260 | _c1997 | ||
| 350 | _a0 | ||
| 490 |
_aProperty Week _v61(11) 12 December 1997, 14(1) |
||
| 520 | _aThe Leasehold Enfranchisement Association wants homeowners to lobby MPs over the use of `marriage value` in the valuation of their freeholds, claiming that it works against their interests. | ||
| 650 | _aHOMEOWNERS | ||
| 650 | _aLEASEHOLD ENFRANCHISEMENT ASSOCIATION | ||
| 650 | _aMARRIAGE VALUE | ||
| 690 | _aHOUSING | ||
| 942 | _n0 | ||
| 948 | _c18/12/1997 | ||
| 999 |
_c52294 _d52294 |
||